লোকসঙ্গীত / (Record no. 9577)
[ view plain ]
| 000 -LEADER | |
|---|---|
| fixed length control field | 00892nam a2200253 a 4500 |
| 001 - CONTROL NUMBER | |
| JCCL Control Number | 9577 |
| 003 - CONTROL NUMBER IDENTIFIER | |
| JCCL marc code | BD-JhCC |
| 005 - DATE AND TIME OF LATEST TRANSACTION | |
| control field | 20180319191138.0 |
| 008 - FIXED-LENGTH DATA ELEMENTS--GENERAL INFORMATION | |
| fixed length control field | 180319s2007 bg a|||| ||a| 001 0 be d |
| 020 ## - INTERNATIONAL STANDARD BOOK NUMBER | |
| International Standard Book Number | 984300000966 |
| 035 ## - SYSTEM CONTROL NUMBER | |
| system control number | (BD-JhCC)9577 |
| 040 ## - CATALOGING SOURCE | |
| Original cataloging agency | BD-JhCC |
| Modifying agency | BD-JhCC |
| 041 ## - LANGUAGE CODE | |
| Language code of Book | ben |
| 082 ## - DEWEY DECIMAL CLASSIFICATION NUMBER | |
| Classification number | 954.92 |
| Author mark and Year | LOK 2007 |
| 245 ## - TITLE STATEMENT | |
| Title | লোকসঙ্গীত / |
| Statement of responsibility, etc | সম্পাদক মুহম্মদ নূরুল হুদা |
| 260 ## - PUBLICATION, DISTRIBUTION, ETC. (IMPRINT) | |
| Place of publication, distribution, etc | ঢাকা: |
| Name of publisher, distributor, etc | বাংলাদেশ এশিয়াটিক সোসাইটি ; |
| Date of publication, distribution, etc | 2007. |
| 300 ## - PHYSICAL DESCRIPTION | |
| Pagination | 440 p. : |
| Dimensions | 24 cm. |
| Other physical details | ill; |
| 490 ## - SERIES STATEMENT | |
| Series statement | বাংলাদেশ সাংস্কৃতিক সমীক্ষামালা - ১০ |
| 504 ## - BIBLIOGRAPHY, ETC. NOTE | |
| Bibliography, etc | Includes index. |
| 650 ## - SUBJECT ADDED ENTRY--TOPICAL TERM | |
| Topical term or geographic name as entry element | Folk Song |
| Geographic subdivision | Bangladesh |
| 700 ## - ADDED ENTRY--PERSONAL NAME | |
| Personal name | হুদা, মুহম্মদ নূরুল |
| 942 ## - ADDED ENTRY ELEMENTS (KOHA) | |
| Source of classification or shelving scheme | Dewey Decimal Classification |
| Koha item type | Books |
| Source of classification or shelving scheme | volume number | Damaged status | Not for loan | Home library | Current library | Shelving location | Date of accession | Cost, normal purchase price | Full call number | Barcode | Date last seen | Copy number | Method of acquisition | Koha item type | Currency |
|---|---|---|---|---|---|---|---|---|---|---|---|---|---|---|---|
| Dewey Decimal Classification | V-8 | Not For Loan | JCC Rouf Library | JCC Rouf Library | General Stacks | 03/19/2018 | 500.00 | 954.92 LOK 2007 | 12717 | 03/19/2018 | C - 1 | Purchase | Books | BDT | |
| Dewey Decimal Classification | V-10 | Not For Loan | JCC Rouf Library | JCC Rouf Library | General Stacks | 09/18/2023 | 600.00 | 954.92 LOK 2007 | 18560 | 09/18/2023 | C-2 | Purchase | Books | BDT |